000 00841nam a2200241 i 4500
001 92335
003 ES-MaACL
005 20250928102018.0
007 t|
008 050225s1983 sp ||||1| spa d
020 _a84-7232-311-0
100 1 _aLiévano Aguirre, Indalecio.
_972262
245 1 0 _aBolívar /
_cIndalecio Liévano Aguirre.
260 _aMadrid :
_bCultura Hispánica del Instituto de Cooperación Iberoamericana,
_c1983.
300 _a425 p. :
_bil. ;
_c24 cm.
504 _aBibliografía: p. 423-425.
600 1 7 _aBolívar, Simón,
_d1783-1830-
_vBiografías
_2
_9146727
651 4 _aAmérica española-
_xHistoria-
_y1806-1830, Guerras de la Independencia.
_97726
710 2 _aInstituto de Cooperación Iberoamericana.
_94848
852 _aES-MaACL
_jL-6223
852 _aES-MaACL
_jL-19995
999 _c92335
_d92335